000 00678nam a2200181 a 4500
001 000030785
005 20200930062517.0
008 110530s1953 dr r 000 0 spa d
040 _aDO-SdBNP
_bspa
_cBNPHU
082 _axxxx
_bS211d
100 1 _aSánchez, Juan Francisco
_97332
245 1 0 _a"De rerum natura", el poema filosófico de Lucrecio :
_b(estudio crítico y filósofico) /
_cJuan Francisco Sánchez.
260 _aCiudad Trujillo, República Dominicana, :
_bEditora del Caribe,
_c1953.
300 _a83 p.
_a19 cm.
500 _aIncluye referencias bibliográficas y notas al pie de las páginas
504 _aBibliografía : p. 83
590 _aInventariado, 2018/BT
999 _c30277
_d30277